|
|
|
|
| LEADER |
00000cam a2200000 7i4500 |
| 001 |
0000000238 |
| 005 |
20151222.0 |
| 008 |
070627 |
| 020 |
|
|
|a 9830602850
|
| 020 |
|
|
|a 9830602923(set)
|
| 090 |
0 |
0 |
|a JF
|b MAL (255)
|
| 100 |
0 |
|
|a Muhammad bin Harun
|
| 245 |
1 |
0 |
|a Penderaan
|c Muhammad bin Harun
|
| 260 |
|
|
|a Selangor :
|b Hasrat Murni ,
|c 2006
|
| 440 |
|
|
|a Siri anak wawasan teratai
|
| 500 |
|
|
|a Children ages 7-9 years old (orange)
|
| 650 |
|
0 |
|a Children's stories, Malay
|
| 650 |
|
0 |
|a Malay fiction
|
| 999 |
|
|
|a 0000920649
|b Book
|c Children Collection
|e Cawangan Bukit Gambir
|
| 999 |
|
|
|a 0000920651
|b Book
|c Children Collection
|e Cawangan Bukit Gambir
|
| 999 |
|
|
|a 0000930191
|b Book
|c Children Collection
|e Cawangan Tangkak
|
| 999 |
|
|
|a 0000930192
|b Book
|c Children Collection
|e Cawangan Tangkak
|
| 999 |
|
|
|a 0000930193
|b Book
|c Children Collection
|e Cawangan Tangkak
|
| 999 |
|
|
|a 0000955871
|b Book
|c Children Collection
|e Cawangan Taman Universiti
|
| 999 |
|
|
|a 0000955872
|b Book
|c Children Collection
|e Cawangan Bukit Gambir
|
| 999 |
|
|
|a 0000955873
|b Book
|c Children Collection
|e Cawangan Muar
|
| 999 |
|
|
|a 0000955874
|b Book
|c Children Collection
|e Perbadanan Perpustakaan Awam Johor
|
| 999 |
|
|
|a 0000955875
|b Book
|c Children Collection
|e Perbadanan Perpustakaan Awam Johor
|
| 999 |
|
|
|a 0000957895
|b Book
|c Children Collection
|e Cawangan Pontian
|
| 999 |
|
|
|a 0001146781
|b Book
|c Children Collection
|e Cawangan Bukit Gambir
|